00565nam a2200133Ia 4500008004100000020001800041100002200059245011400081260004800195300004700243500005100290650004600341650004400387181022s9999 xx 000 0 und d a9789719809302 aDevilles, Gary C. cGary C. Devilles, Reagan R. Maiquez, Rolando B. Tolentino.--aArt sense :bsensing the arts in the everyday / aQuezon City :bC & E publishing, Inc.c2018 axxii, 313 pages :billustrations ;c22 cm. aIncludes bibliographical references and index. aArt -- study and teaching -- Philippines. aArt appreciation -- study and teaching.